Statistics for Top 10 Biggest Turkey cities by Area

Click here to take the quiz!

General Stats

  • This quiz has been taken 22 times
  • The average score is 5 of 10

Answer Stats

km²Answer% Correct
25.632Ankara
100%
40.838Konya
71%
20.177Antalya
67%
16.010Mersin
57%
20.921Van
57%
16.970Kayseri
43%
28.164Sivas
43%
15.168Diyarbakır
38%
25.006Erzurum
33%
19.242Şanlıurfa
24%

Score Distribution

Percentile by Number Answered

Percent of People with Each Score

Your Score History

You have not taken this quiz